[Event "Jaroslawiec op-A"]
[Site "Jaroslawiec"]
[Date "1995.??.??"]
[Round "2"]
[White "Sosnowska, Elzbieta"]
[Black "Czernuszewicz, A."]
[Result "1-0"]
[WhiteElo "2115"]
[BlackElo "2160"]
[PlyCount "47"]
[EventDate "1995.??.??"]
[EventType "swiss"]
[EventRounds "9"]
[EventCountry "POL"]
[SourceTitle "EXT 2006"]
[Source "ChessBase"]
[SourceDate "2005.11.24"]
[SourceVersion "1"]
[SourceVersionDate "2005.11.24"]
[SourceQuality "1"]

1. d4 g6 2. e4 Bg7 3. Nc3 c6 4. Be3 Nf6 5. f3 d5 6. e5 Nfd7 7. f4 Nb6 8. Nf3 Bg4 9. h3 Bxf3 10. Qxf3 f5 11. g4 e6 12. gxf5 exf5 13. h4 N8d7 14. h5 Qe7 15. 0-0-0 0-0-0 16. Bd3 Nc4 17. Bxc4 dxc4 18. d5 cxd5 19. Rxd5 Kb8 20. Nb5 a6 21. Nd6 c3 22. Rb5 cxb2+ 23. Rxb2 Nxe5 24. Rxb7+ 1-0